Word Ladder: Red Tractors Quiz Stats

Quiz Updated Oct 4, 2016

Challenge
Share
Tweet
Embed
Score 0/36 Timer 04:00
0 Plays Today
Hint 4-Letter Word % Correct
♦ Exam, quiz ♦TEST
95.8%
♦ Lose balance on ice ♦SLIP
95.4%
♦ Matching jacket and trousers ♦SUIT
94.5%
Pig foodSLOP
93.8%
Eye duct productTEAR
93.4%
CA state flag animalBEAR
92.9%
Building where goods are soldSHOP
92.8%
Udder nippleTEAT
91.7%
Eurasian tusked pigBOAR
91.3%
♦ Bound reading matter ♦BOOK
90.6%
♦ Snapped a picture ♦SHOT
89.9%
Uncivilized, ill-mannered personBOOR
85.3%
Cappuccino topperFOAM
85%
Voluntary hunger strikeFAST
83%
Large celebratory gathering FEST
82.7%
Lady Galadriel actress BlanchettCATE
79.7%
Jupiter's great red oneSPOT
79.5%
ExpectorateSPIT
79.3%
Hint 4-Letter Word % Correct
W-2, 1040, e.g. (SA100 in UK)FORM
79.2%
RippedTORE
77.7%
♦ Spouse ♦MATE
77.4%
♦ 9 to 5 job ♦WORK
76.2%
Geraldine comedian WilsonFLIP
74.1%
Master, deityLORD
74%
♦ Cargo, freight ♦LOAD
73.9%
US Supreme Court nominee RobertBORK
73.6%
Military installationFORT
73.2%
Sandy, silty soilLOAM
72.2%
River crossingFORD
71.9%
♦ Civil wrong ♦TORT
71.3%
♦ Malware program ♦WORM
70.7%
Additional amount or degreeMORE
70.7%
____ accompliFAIT
70%
Move swiftly and lightlyFLIT
67.3%
Tiny bitMOTE
65.3%
♦♦ COMMON BOND ♦♦CASE
30%

Today's Daily Dose

Missing Word
For Dummies Books

Word Ladder
Ariana Grande

Quick Pick
1970s Authors

On This Day
June 21st II

You're not logged in!

Compare scores with friends on all Sporcle quizzes.
Join for Free
OR
Log In

You Might Also Like...

Show Comments

Extras

Top Quizzes Today


Score Distribution

Your Account Isn't Verified!

In order to create a playlist on Sporcle, you need to verify the email address you used during registration. Go to your Sporcle Settings to finish the process.

Report this User

Report this user for behavior that violates our Community Guidelines.

Details: